[Event "Barcelona Sant Marti op-B 23rd"]
[Site "Barcelona"]
[Date "2023.07.15"]
[Round "3"]
[White "Ponsa Asensio, Ramon"]
[Black "Febrero Perez, Lluis"]
[Result "0-1"]
[WhiteElo "1534"]
[BlackElo "1287"]
[PlyCount "84"]
[EventDate "2023.07.13"]
[EventType "swiss"]
[EventRounds "9"]
[EventCountry "ESP"]
[SourceTitle "CBM 215 Extra"]
[Source "ChessBase"]
[SourceDate "2023.09.30"]
[SourceVersion "1"]
[SourceVersionDate "2023.09.30"]
[SourceQuality "1"]

1. c4 c5 2. Nc3 Nc6 3. g3 Nf6 4. Bg2 Rb8 5. e3 d5 6. cxd5 Ne5 7. Nge2 Bg4 8. h3 Bf3 9. 0-0 Bxg2 10. Kxg2 Nxd5 11. d4 Nxc3 12. bxc3 Qd5+ 13. f3 Rd8 14. Qa4+ Nd7 15. Qxa7 e6 16. e4 Qc4 17. Kf2 b6 18. Bf4 Be7 19. Bc7 Rc8 20. Bxb6 Nxb6 21. Qxb6 0-0 22. Qb3 Qa6 23. Nf4 cxd4 24. cxd4 e5 25. Nd5 Bd8 26. dxe5 Qe6 27. h4 Qxe5 28. Rac1 Rb8 29. Qd3 g5 30. hxg5 Qxg5 31. Rc2 h5 32. Qe3 Qg7 33. Rh1 Qh7 34. Qf4 Rb5 35. Rc8 Rxd5 36. Rxd8 Rdxd8 37. Qg5+ Qg6 38. Qa5 Ra8 39. Qd5 Qb6+ 40. Kg2 Ra5 41. Qc4 Qb2+ 42. Kh3 Rxa2 0-1

[Event "Foment Martinenc op-B 23rd"]
[Site "Barcelona"]
[Date "2023.06.03"]
[Round "7"]
[White "Ponsa Asensio, Ramon"]
[Black "Garcia Canals, Gerard"]
[Result "0-1"]
[WhiteElo "1519"]
[BlackElo "1604"]
[PlyCount "96"]
[EventDate "2023.04.22"]
[EventType "swiss"]
[EventRounds "9"]
[EventCountry "ESP"]
[SourceTitle "EXT 2024"]
[Source "ChessBase"]
[SourceDate "2023.10.10"]
[SourceVersion "1"]
[SourceVersionDate "2023.10.10"]
[SourceQuality "1"]

1. c4 c6 2. e4 d5 3. exd5 cxd5 4. cxd5 Qxd5 5. d4 Nc6 6. Nf3 Nf6 7. Nc3 Qd8 8. Bb5 a6 9. Ba4 b5 10. Bc2 Bg4 11. Be3 e6 12. 0-0 Bd6 13. Ne4 Nd5 14. Nxd6+ Qxd6 15. Bg5 f6 16. Bh4 Qf4 17. Bg3 Bxf3 18. Qd3 Qxd4 19. Qxf3 0-0 20. Rfd1 Qc4 21. Bb3 Nd4 22. Bxc4 Nxf3+ 23. gxf3 bxc4 24. Bd6 Rfd8 25. Bc5 Rac8 26. Bd4 Nb4 27. Bc3 Rxd1+ 28. Rxd1 Nxa2 29. Rd6 Nxc3 30. bxc3 Ra8 31. Rxe6 a5 32. Re1 a4 33. Ra1 a3 34. Kf1 Kf7 35. Ke2 Ke6 36. Kd2 g5 37. Ra2 Kf5 38. Ke3 Ke5 39. h4 gxh4 40. f4+ Kf5 41. Kf3 h5 42. Kg2 Kxf4 43. Kh3 Ke4 44. Kxh4 Kd3 45. Kxh5 Kxc3 46. Kg6 Ra6 47. f4 Kb3 48. Re2 a2 0-1

[Event "Foment Martinenc op-B 23rd"]
[Site "Barcelona"]
[Date "2023.04.29"]
[Round "2"]
[White "Ponsa Asensio, Ramon"]
[Black "Berrozpe Gonzalez, Marc"]
[Result "1-0"]
[WhiteElo "1519"]
[BlackElo "1438"]
[PlyCount "89"]
[EventDate "2023.04.22"]
[EventType "swiss"]
[EventRounds "9"]
[EventCountry "ESP"]
[SourceTitle "EXT 2024"]
[Source "ChessBase"]
[SourceDate "2023.10.10"]
[SourceVersion "1"]
[SourceVersionDate "2023.10.10"]
[SourceQuality "1"]

1. e4 e5 2. Nf3 Nc6 3. Bc4 Bc5 4. 0-0 Nf6 5. d3 d6 6. c3 a6 7. a4 Ba7 8. Re1 h6 9. Nbd2 0-0 10. h3 Re8 11. Ba2 Be6 12. Bxe6 Rxe6 13. b4 d5 14. Qc2 d4 15. Bb2 Nh5 16. b5 axb5 17. axb5 dxc3 18. Bxc3 Nd4 19. Bxd4 exd4 20. Nb3 Nf4 21. Kh2 Rd6 22. g3 Ne6 23. Ra4 Bb6 24. Rea1 Rxa4 25. Rxa4 c6 26. Qa2 Kh7 27. bxc6 Rxc6 28. Na5 Bxa5 29. Rxa5 Qc7 30. Kg2 Rc2 31. Qd5 Qc3 32. Qf5+ Kg8 33. Ra8+ Nf8 34. Ne5 Qc7 35. Nd7 Rxf2+ 36. Kxf2 Qc2+ 37. Kg1 Qd1+ 38. Qf1 Qh5 39. Rxf8+ Kh7 40. Qf5+ Qxf5 41. exf5 b5 42. Rb8 b4 43. Rxb4 Kg8 44. Rxd4 f6 45. Re4 1-0

[Event "Barcelona Sant Marti op 10th"]
[Site "Barcelona"]
[Date "2023.01.26"]
[Round "3"]
[White "Sanchez Romeralo, Jaime"]
[Black "Ponsa Asensio, Ramon"]
[Result "1-0"]
[WhiteElo "1737"]
[BlackElo "1509"]
[PlyCount "75"]
[EventDate "2023.01.12"]
[EventType "swiss"]
[EventRounds "9"]
[EventCountry "ESP"]
[SourceTitle "CBM 213 Extra"]
[Source "ChessBase"]
[SourceDate "2023.05.31"]
[SourceVersion "1"]
[SourceVersionDate "2023.05.31"]
[SourceQuality "1"]

1. d4 d5 2. Nf3 c6 3. Bf4 a6 4. c4 Qb6 5. Qb3 Nd7 6. e3 Ngf6 7. c5 Qd8 8. h3 b6 9. cxb6 Qxb6 10. Nbd2 e6 11. Qxb6 Nxb6 12. Rc1 Bb4 13. Rxc6 Nc4 14. Bxc4 dxc4 15. Rxc4 Nd5 16. Bg3 Bd7 17. a3 Be7 18. e4 Nb6 19. Rc7 Bd8 20. Rc2 Bb5 21. Ne5 f6 22. Nec4 Nxc4 23. Nxc4 Kd7 24. Kd2 Bc7 25. Bxc7 Kxc7 26. b3 Rhd8 27. Ke3 Rac8 28. a4 Be8 29. Rhc1 Kb8 30. Nb6 Rxc2 31. Rxc2 Kb7 32. Nc4 Rd7 33. e5 f5 34. Nd6+ Rxd6 35. exd6 Bc6 36. b4 Kb6 37. b5 axb5 38. a5+ 1-0

[Event "Barcelona Sant Marti op-B 22nd"]
[Site "Barcelona"]
[Date "2022.07.18"]
[Round "6"]
[White "Ponsa Asensio, Ramon"]
[Black "Costa Trave, Jaume"]
[Result "1-0"]
[WhiteElo "1476"]
[BlackElo "1784"]
[PlyCount "57"]
[EventDate "2022.07.13"]
[EventType "swiss"]
[EventRounds "9"]
[EventCountry "ESP"]
[SourceTitle "CBM 210 Extra"]
[Source "ChessBase"]
[SourceDate "2022.11.30"]
[SourceVersion "1"]
[SourceVersionDate "2022.11.30"]
[SourceQuality "1"]

1. c4 d5 2. Nf3 d4 3. g3 c5 4. Bg2 Nc6 5. 0-0 e5 6. e3 e4 7. Ne1 f5 8. exd4 cxd4 9. d3 Nf6 10. Nd2 e3 11. fxe3 dxe3 12. Nb3 Bd6 13. Bxe3 0-0 14. Nf3 Ng4 15. Bg5 Qc7 16. c5 Be5 17. Nxe5 Ncxe5 18. Bf4 Qf7 19. h3 g5 20. Bxg5 Nf6 21. d4 Ng6 22. d5 a5 23. d6 a4 24. Nd4 Ra5 25. Nxf5 Bxf5 26. Rxf5 Qe6 27. Rxf6 Qe5 28. Qd5+ Kg7 29. Rxg6+ 1-0

[Event "Barcelona Sant Marti op-B 22nd"]
[Site "Barcelona"]
[Date "2022.07.17"]
[Round "5"]
[White "Karapetyan Hakobyan, Daniel"]
[Black "Ponsa Asensio, Ramon"]
[Result "1-0"]
[WhiteElo "1779"]
[BlackElo "1476"]
[PlyCount "75"]
[EventDate "2022.07.13"]
[EventType "swiss"]
[EventRounds "9"]
[EventCountry "ESP"]
[SourceTitle "CBM 210 Extra"]
[Source "ChessBase"]
[SourceDate "2022.11.30"]
[SourceVersion "1"]
[SourceVersionDate "2022.11.30"]
[SourceQuality "1"]

1. c4 c5 2. Nc3 Nc6 3. g3 g6 4. Bg2 Bg7 5. e3 d6 6. Nge2 e6 7. 0-0 e5 8. a3 Nge7 9. Rb1 a5 10. Nb5 0-0 11. d4 Na7 12. Nec3 Nxb5 13. Nxb5 exd4 14. exd4 Bf5 15. Ra1 Qb6 16. Bg5 Nc8 17. Be3 Bd7 18. dxc5 Qd8 19. Nxd6 Bc6 20. Bxc6 bxc6 21. Nxc8 Qxc8 22. Rb1 Qf5 23. b4 Rfd8 24. Qe2 Rd3 25. b5 Rb8 26. b6 Rb7 27. Rbd1 Rdd7 28. Rxd7 Rxd7 29. Rd1 Rxd1+ 30. Qxd1 Be5 31. Bh6 Qc8 32. Qd2 f6 33. Bf4 Qf5 34. Bxe5 Qb1+ 35. Kg2 Qe4+ 36. f3 Qxe5 37. Qd8+ Kg7 38. Qc7+ 1-0

[Event "Barcelona Sant Marti op 9th"]
[Site "Barcelona"]
[Date "2020.01.30"]
[Round "3"]
[White "Ponsa Asensio, Ramon"]
[Black "Gonzalez Canovas, Sebastian"]
[Result "0-1"]
[WhiteElo "1700"]
[BlackElo "1612"]
[PlyCount "84"]
[EventDate "2020.01.16"]
[EventType "swiss"]
[EventRounds "9"]
[EventCountry "ESP"]
[SourceTitle "CBM 195 Extra"]
[Source "ChessBase"]
[SourceDate "2020.05.31"]
[SourceVersion "1"]
[SourceVersionDate "2020.05.31"]
[SourceQuality "1"]

1. c4 Nf6 2. Nc3 g6 3. e4 d6 4. d4 Bg7 5. Nf3 0-0 6. Be2 e5 7. 0-0 c6 8. Re1 Nbd7 9. Bf1 exd4 10. Qxd4 Nd5 11. Qd2 Nxc3 12. bxc3 Nc5 13. Qc2 Re8 14. Bg5 f6 15. Bf4 g5 16. Bd2 Bg4 17. Nd4 Qd7 18. Nf5 Bxf5 19. exf5 Re5 20. Be2 Rae8 21. Bh5 R8e7 22. Kf1 Re4 23. g3 Qxf5 24. Be3 Qh3+ 25. Kg1 Qxh5 26. Red1 R4e6 27. Rxd6 Rxd6 28. Bxc5 Rde6 29. Bxe7 Rxe7 30. Qb3 Qf7 31. Qd1 Rd7 32. Qa4 a6 33. c5 Bf8 34. Qa5 Qc4 35. Re1 Qxc5 36. Qa4 Qxc3 37. Qe4 Re7 38. Qxe7 Bxe7 39. Rxe7 b5 40. Re3 b4 41. Re8+ Kf7 42. Ra8 Qa1+ 0-1